[Event "NOR-ch Rapid"]
[Site "Drammen"]
[Date "2023.01.07"]
[Round "3"]
[White "Stake Larsen, Gunnar"]
[Black "Lie, Espen"]
[Result "0-1"]
[WhiteElo "1971"]
[BlackElo "2457"]
[PlyCount "64"]
[EventDate "2023.01.07"]
[EventType "swiss (rapid)"]
[EventRounds "10"]
[EventCountry "NOR"]
[SourceTitle "CBM 212 Extra"]
[Source "ChessBase"]
[SourceDate "2023.03.31"]
[SourceVersion "1"]
[SourceVersionDate "2023.03.31"]
[SourceQuality "1"]

1. d4 g6 2. c4 Bg7 3. Nc3 Nf6 4. e4 d6 5. f4 0-0 6. Nf3 c5 7. d5 e6 8. Be2 exd5 9. cxd5 a6 10. a4 Re8 11. e5 dxe5 12. fxe5 Ng4 13. Bg5 f6 14. exf6 Bxf6 15. Qd2 Bxg5 16. Qxg5 Qxg5 17. Nxg5 Ne3 18. Kf2 Nc2 19. Rad1 Nd7 20. d6 Ne5 21. h3 Bd7 22. Nf3 Rf8 23. Rhf1 Nd4 24. Rxd4 cxd4 25. Nd5 Rad8 26. Kg1 Nxf3+ 27. Bxf3 Bxa4 28. Ne7+ Kg7 29. Bxb7 Rxf1+ 30. Kxf1 Rxd6 31. Bf3 Bb5+ 32. Ke1 Re6+ 0-1

[Event "NOR-ch Blitz"]
[Site "Drammen"]
[Date "2023.01.06"]
[Round "9"]
[White "Kvaloy, Aksel Bu"]
[Black "Lie, Espen"]
[Result "1-0"]
[WhiteElo "2233"]
[BlackElo "2457"]
[PlyCount "55"]
[EventDate "2023.01.06"]
[EventType "swiss (blitz)"]
[EventRounds "9"]
[EventCountry "NOR"]
[SourceTitle "CBM 212 Extra"]
[Source "ChessBase"]
[SourceDate "2023.03.31"]
[SourceVersion "1"]
[SourceVersionDate "2023.03.31"]
[SourceQuality "1"]

1. d4 d5 2. c4 e6 3. Nf3 c6 4. g3 f5 5. Bg2 Nf6 6. 0-0 Be7 7. Ne5 0-0 8. Bf4 Nbd7 9. Nc3 Ne4 10. f3 Nxc3 11. bxc3 Nxe5 12. Bxe5 dxc4 13. f4 Bd6 14. e3 Qc7 15. Qe2 b5 16. Bxd6 Qxd6 17. a4 Rb8 18. axb5 cxb5 19. Rxa7 Qb6 20. Rfa1 Bb7 21. Bxb7 Rxb7 22. R7a6 Qc7 23. Rxe6 b4 24. cxb4 Rxb4 25. Re5 Rfb8 26. Rc5 Rb1+ 27. Rxb1 Rxb1+ 28. Kf2 1-0

[Event "NOR-ch Blitz"]
[Site "Drammen"]
[Date "2023.01.06"]
[Round "3"]
[White "Nordquelle, Daniel"]
[Black "Lie, Espen"]
[Result "0-1"]
[WhiteElo "2151"]
[BlackElo "2457"]
[PlyCount "130"]
[EventDate "2023.01.06"]
[EventType "swiss (blitz)"]
[EventRounds "9"]
[EventCountry "NOR"]
[SourceTitle "CBM 212 Extra"]
[Source "ChessBase"]
[SourceDate "2023.03.31"]
[SourceVersion "1"]
[SourceVersionDate "2023.03.31"]
[SourceQuality "1"]

1. e4 Nf6 2. e5 Nd5 3. d4 d6 4. Nf3 dxe5 5. Nxe5 c6 6. g3 g6 7. Bg2 Bg7 8. 0-0 0-0 9. Re1 Nd7 10. Nf3 N7f6 11. c4 Nc7 12. Nc3 Bg4 13. h3 Bf5 14. Be3 Ne4 15. Qc1 Ne6 16. Ne2 Nf6 17. Bh6 Be4 18. Bxg7 Kxg7 19. Qe3 Qb6 20. Qc3 Rad8 21. Rad1 Bxf3 22. Bxf3 Rd7 23. d5 cxd5 24. Rxd5 Rxd5 25. Bxd5 Kg8 26. Bg2 Rd8 27. b3 Ng5 28. Nf4 Kf8 29. h4 Ne6 30. Nxe6+ fxe6 31. Bh3 Qd4 32. Qxd4 Rxd4 33. Kf1 Rd2 34. Re2 Rd1+ 35. Kg2 a5 36. Rxe6 Rd2 37. Rb6 Ne4 38. Kf3 Nxf2 39. Be6 Rxa2 40. Rxb7 Nd3 41. Rc7 Kg7 42. Ke3 Ne5 43. c5 Kf6 44. Bh3 Ra3 45. Rb7 a4 46. Kd2 Rxb3 47. Rxb3 axb3 48. Kc3 b2 49. Kxb2 Nd3+ 50. Kc3 Nxc5 51. Kd4 Nb7 52. Ke3 Ke5 53. Bf1 Nd6 54. Bg2 Nf5+ 55. Kf3 Nd4+ 56. Ke3 Nc2+ 57. Kf3 Ne1+ 58. Kf2 Nxg2 59. Kxg2 Ke4 60. Kf2 Kd3 61. Kf3 e5 62. g4 h6 63. g5 h5 64. Kg3 Ke3 65. Kg2 Kf4 0-1

[Event "Kragero op"]
[Site "Kragero"]
[Date "2020.02.23"]
[Round "9"]
[White "Brodtkorb, Lars Johan"]
[Black "Lie, Espen"]
[Result "1/2-1/2"]
[WhiteElo "2179"]
[BlackElo "2490"]
[PlyCount "100"]
[EventDate "2020.02.19"]
[EventType "swiss"]
[EventRounds "9"]
[EventCountry "NOR"]
[SourceTitle "CBM 195 Extra"]
[Source "ChessBase"]
[SourceDate "2020.05.31"]
[SourceVersion "1"]
[SourceVersionDate "2020.05.31"]
[SourceQuality "1"]

1. d4 d5 2. c4 e6 3. Nc3 c5 4. e3 Nf6 5. Nf3 a6 6. dxc5 Bxc5 7. cxd5 exd5 8. a3 0-0 9. b4 Ba7 10. Bb2 Nc6 11. Be2 d4 12. exd4 Nxd4 13. Nxd4 Bxd4 14. 0-0 Be6 15. Rc1 Qd7 16. Na4 Bxb2 17. Nxb2 Bd5 18. Na4 Rad8 19. Nb6 Qe7 20. Nxd5 Nxd5 21. Qc2 Nf4 22. Bf3 Rd3 23. Rfe1 Qg5 24. Re3 Nh3+ 25. Kf1 Rxe3 26. fxe3 Qxe3 27. Qc5 Qxa3 28. Qc3 Qxc3 29. Rxc3 Nf4 30. Rc4 Nd3 31. Bxb7 Rb8 32. Ke2 g6 33. Kxd3 Rxb7 34. Rc8+ Kg7 35. Kc4 Rb6 36. Kc5 Rb5+ 37. Kc4 Rh5 38. h3 Rg5 39. Ra8 Rxg2 40. Rxa6 g5 41. b5 Rb2 42. Ra4 h5 43. Kc5 g4 44. hxg4 h4 45. b6 h3 46. Ra3 Rc2+ 47. Kd6 Rd2+ 48. Kc7 Rc2+ 49. Kd6 Rd2+ 50. Kc7 Rc2+ 1/2-1/2

[Event "Kragero op"]
[Site "Kragero"]
[Date "2020.02.19"]
[Round "2"]
[White "Lie, Espen"]
[Black "Petursson, Gudni Stefan"]
[Result "1-0"]
[WhiteElo "2490"]
[BlackElo "2026"]
[PlyCount "35"]
[EventDate "2020.02.19"]
[EventType "swiss"]
[EventRounds "9"]
[EventCountry "NOR"]
[SourceTitle "CBM 195 Extra"]
[Source "ChessBase"]
[SourceDate "2020.05.31"]
[SourceVersion "1"]
[SourceVersionDate "2020.05.31"]
[SourceQuality "1"]

1. Nf3 Nf6 2. g3 g6 3. b3 Bg7 4. Bb2 0-0 5. Bg2 d5 6. c4 c5 7. cxd5 Nxd5 8. Bxg7 Kxg7 9. 0-0 Nc6 10. Qc2 Qd6 11. Nc3 Ndb4 12. Qb2 Qf6 13. Rac1 Bg4 14. Qb1 Bxf3 15. Bxf3 b6 16. a3 Na6 17. Qd3 Nc7 18. Qd7 1-0

[Event "NOR-chT 1819"]
[Site "Norway"]
[Date "2019.03.09"]
[Round "8.1"]
[White "Lie, Espen"]
[Black "Hauge, Lars Oskar"]
[Result "1/2-1/2"]
[WhiteElo "2488"]
[BlackElo "2449"]
[PlyCount "52"]
[EventDate "2018.11.02"]
[EventType "team-tourn"]
[EventRounds "9"]
[EventCountry "NOR"]
[SourceTitle "CBM 189 Extra"]
[Source "ChessBase"]
[SourceDate "2019.06.03"]
[SourceVersion "1"]
[SourceVersionDate "2019.06.03"]
[SourceQuality "1"]
[WhiteTeam "Akademisk"]
[BlackTeam "OSS"]
[WhiteTeamCountry "NOR"]
[BlackTeamCountry "NOR"]

1. Nf3 d5 2. g3 Bg4 3. Ne5 Bf5 4. d4 Nd7 5. Bg2 e6 6. 0-0 Bd6 7. Nxd7 Qxd7 8. c4 c6 9. Nc3 Nf6 10. Bg5 Be7 11. Qa4 0-0 12. Rfd1 h6 13. Bf4 Rfd8 14. h3 Bd6 15. Be5 Qe7 16. Qb3 Rab8 17. Bxf6 Qxf6 18. e4 dxe4 19. Nxe4 Bxe4 20. Bxe4 Rd7 21. Rd3 Rbd8 22. Rad1 Bf8 23. Qc3 g6 24. d5 Qxc3 25. bxc3 cxd5 26. cxd5 exd5 1/2-1/2

[Event "NOR-chT 1819"]
[Site "Norway"]
[Date "2019.01.12"]
[Round "5.2"]
[White "Galchenko, Matvey"]
[Black "Lie, Espen"]
[Result "1/2-1/2"]
[WhiteElo "2368"]
[BlackElo "2488"]
[PlyCount "29"]
[EventDate "2018.11.02"]
[EventType "team-tourn"]
[EventRounds "9"]
[EventCountry "NOR"]
[SourceTitle "CBM 188 Extra"]
[Source "ChessBase"]
[SourceDate "2019.02.26"]
[SourceVersion "1"]
[SourceVersionDate "2019.02.26"]
[SourceQuality "1"]
[WhiteTeam "Alta"]
[BlackTeam "Akademisk"]
[WhiteTeamCountry "NOR"]
[BlackTeamCountry "NOR"]

1. c4 c5 2. Nc3 Nc6 3. g3 g6 4. Bg2 Bg7 5. Nf3 e6 6. d4 cxd4 7. Nb5 d6 8. Nbxd4 Nxd4 9. Nxd4 a6 10. 0-0 Ne7 11. b3 0-0 12. Bb2 Qb6 13. Qd2 Bd7 14. Rfd1 Rfd8 15. Rac1 1/2-1/2

[Event "NOR-chT 1819"]
[Site "Norway"]
[Date "2018.11.04"]
[Round "3.2"]
[White "Lie, Espen"]
[Black "Haldorsen, Benjamin"]
[Result "1-0"]
[WhiteElo "2488"]
[BlackElo "2461"]
[PlyCount "77"]
[EventDate "2018.11.02"]
[EventType "team-tourn"]
[EventRounds "9"]
[EventCountry "NOR"]
[SourceTitle "CBM 188 Extra"]
[Source "ChessBase"]
[SourceDate "2019.02.26"]
[SourceVersion "1"]
[SourceVersionDate "2019.02.26"]
[SourceQuality "1"]
[WhiteTeam "Akademisk"]
[BlackTeam "Bergens"]
[WhiteTeamCountry "NOR"]
[BlackTeamCountry "NOR"]

1. Nf3 c5 2. b3 Nf6 3. Bb2 b6 4. g3 Bb7 5. Bg2 e6 6. 0-0 Be7 7. e3 0-0 8. c4 d5 9. Qe2 Nc6 10. d3 Qc7 11. Nc3 Rad8 12. Rfd1 Qb8 13. cxd5 exd5 14. d4 Rfe8 15. Ne5 Na5 16. Na4 Bd6 17. Ng4 Nxg4 18. Qxg4 c4 19. Bc3 cxb3 20. Bxa5 bxa5 21. axb3 Bc8 22. Qf3 g6 23. Nc5 h5 24. h3 Bxc5 25. dxc5 Qc7 26. Rac1 Be6 27. Qf4 Qb7 28. Qa4 Qc7 29. c6 Rd6 30. Rc5 Rc8 31. Rdc1 Qb6 32. c7 Rd7 33. Qc6 Kf8 34. Bf1 Qxb3 35. Qa6 Re7 36. Qxa5 Qb6 37. Qxb6 axb6 38. R5c3 Ke8 39. h4 1-0

[Event "Stavanger op"]
[Site "Stavanger"]
[Date "2018.10.13"]
[Round "6"]
[White "Lie, Espen"]
[Black "Korneev, Oleg"]
[Result "1/2-1/2"]
[WhiteElo "2492"]
[BlackElo "2560"]
[PlyCount "30"]
[EventDate "2018.10.10"]
[EventType "swiss"]
[EventRounds "9"]
[EventCountry "NOR"]
[SourceTitle "CBM 186 Extra"]
[Source "ChessBase"]
[SourceDate "2018.08.24"]
[SourceVersion "1"]
[SourceVersionDate "2018.08.24"]
[SourceQuality "1"]

1. c4 e5 2. e3 Nf6 3. Nc3 Nc6 4. Nf3 Bb4 5. Qc2 Bxc3 6. Qxc3 Qe7 7. Be2 d5 8. d3 0-0 9. 0-0 e4 10. Nd4 Ne5 11. cxd5 exd3 12. Bxd3 Nxd5 13. Qb3 Nxd3 14. Qxd3 Nb4 15. Qc4 c5 1/2-1/2

[Event "Stavanger op"]
[Site "Stavanger"]
[Date "2018.10.12"]
[Round "5"]
[White "Fossan, Aleksander"]
[Black "Lie, Espen"]
[Result "0-1"]
[WhiteElo "2173"]
[BlackElo "2492"]
[PlyCount "46"]
[EventDate "2018.10.10"]
[EventType "swiss"]
[EventRounds "9"]
[EventCountry "NOR"]
[SourceTitle "CBM 186 Extra"]
[Source "ChessBase"]
[SourceDate "2018.08.24"]
[SourceVersion "1"]
[SourceVersionDate "2018.08.24"]
[SourceQuality "1"]

1. e4 Nf6 2. e5 Nd5 3. c4 Nb6 4. d4 d6 5. exd6 exd6 6. Nc3 Be7 7. Bd3 Nc6 8. Nge2 Bg4 9. f3 Bh5 10. 0-0 0-0 11. b3 Bf6 12. Be3 Re8 13. Qd2 Bg6 14. Bxg6 hxg6 15. Rfe1 d5 16. c5 Nc8 17. Rad1 N8e7 18. g4 Qd7 19. Bf2 Nc8 20. Nf4 Rxe1+ 21. Rxe1 Bg5 22. Be3 N8e7 23. Nxg6 Bxe3+ 0-1

[Event "Kragero op"]
[Site "Kragero"]
[Date "2018.02.23"]
[Round "4"]
[White "Lie, Espen"]
[Black "Notkevich, Benjamin Arvola"]
[Result "1-0"]
[WhiteElo "2473"]
[BlackElo "2446"]
[PlyCount "127"]
[EventDate "2018.02.21"]
[EventType "swiss"]
[EventRounds "9"]
[EventCountry "NOR"]
[SourceTitle "CBM 183 Extra"]
[Source "ChessBase"]
[SourceDate "2018.04.19"]
[SourceVersion "1"]
[SourceVersionDate "2018.04.19"]
[SourceQuality "1"]

1. Nf3 d5 2. g3 Nf6 3. Bg2 c6 4. 0-0 Bg4 5. Ne5 Bh5 6. d4 e6 7. Nd2 Nbd7 8. Ndf3 Bd6 9. Bf4 Qc7 10. Nxd7 Nxd7 11. Bxd6 Qxd6 12. Re1 0-0 13. c3 e5 14. Nxe5 Nxe5 15. dxe5 Qxe5 16. Qb3 Rab8 17. Qa4 a6 18. e4 dxe4 19. Rxe4 Qc5 20. Rae1 Bg6 21. Qb4 Qxb4 22. Rxb4 Rfd8 23. Bf3 Kf8 24. a4 Bf5 25. Rf4 Bc2 26. a5 Rd7 27. Rc1 Bb3 28. Rb4 Bd5 29. Rd1 Ke7 30. Re1+ Kd8 31. Bxd5 Rxd5 32. Rh4 h6 33. c4 Rd7 34. c5 Kc7 35. Rg4 g5 36. Rge4 Rbd8 37. h4 Rd5 38. b4 gxh4 39. Rxh4 h5 40. Kg2 Rf5 41. Ree4 Rdd5 42. Re7+ Kb8 43. Re8+ Kc7 44. Rhe4 Rd2 45. R4e7+ Rd7 46. Re5 Rd5 47. R8e7+ Kc8 48. Rxf5 Rxf5 49. f4 h4 50. Kh3 hxg3 51. Kxg3 Rd5 52. Rxf7 Rd4 53. Rf8+ Kd7 54. Rf7+ Kc8 55. f5 Rxb4 56. f6 Re4 57. Rg7 Re3+ 58. Kf4 Re1 59. f7 Rf1+ 60. Ke5 Kd8 61. Rg8+ Ke7 62. f8Q+ Rxf8 63. Rxf8 Kxf8 64. Kd6 1-0

[Event "NOR-ch"]
[Site "Stavanger"]
[Date "2017.07.02"]
[Round "3"]
[White "Haldorsen, Benjamin"]
[Black "Lie, Espen"]
[Result "1/2-1/2"]
[WhiteElo "2356"]
[BlackElo "2462"]
[PlyCount "82"]
[EventDate "2017.06.30"]
[EventType "swiss"]
[EventRounds "9"]
[EventCountry "NOR"]
[SourceTitle "CBM 179 Extra"]
[Source "ChessBase"]
[SourceDate "2017.08.23"]
[SourceVersion "1"]
[SourceVersionDate "2017.08.23"]
[SourceQuality "1"]

1. e4 Nf6 2. e5 Nd5 3. d4 d6 4. Nf3 dxe5 5. c4 e4 6. cxd5 exf3 7. Qxf3 g6 8. Bb5+ Bd7 9. Bc4 Bg7 10. Nc3 0-0 11. 0-0 c6 12. Bg5 h6 13. Be3 cxd5 14. Bxd5 Bc6 15. Bxc6 Nxc6 16. Rfd1 Qd7 17. d5 Ne5 18. Qg3 Nc4 19. Bd4 Rac8 20. Bxg7 Kxg7 21. b3 Nd6 22. Qe5+ Kh7 23. g3 Rc7 24. Ne4 Rd8 25. Rac1 Rdc8 26. Rxc7 Rxc7 27. h4 Qf5 28. Qxf5 Nxf5 29. Kg2 Rc2 30. Rd2 Rxd2 31. Nxd2 Nd4 32. Nc4 Nb5 33. a4 Nd6 34. Nxd6 exd6 35. b4 Kg7 36. Kf3 f5 37. Ke3 Kf6 38. f4 Ke7 39. Kd4 Kd7 40. Kc4 a6 41. a5 h5 1/2-1/2

[Event "NOR-ch"]
[Site "Stavanger"]
[Date "2017.06.30"]
[Round "1"]
[White "Moen, Andreas"]
[Black "Lie, Espen"]
[Result "1/2-1/2"]
[WhiteElo "2330"]
[BlackElo "2462"]
[PlyCount "63"]
[EventDate "2017.06.30"]
[EventType "swiss"]
[EventRounds "9"]
[EventCountry "NOR"]
[SourceTitle "CBM 179 Extra"]
[Source "ChessBase"]
[SourceDate "2017.08.23"]
[SourceVersion "1"]
[SourceVersionDate "2017.08.23"]
[SourceQuality "1"]

1. e4 Nf6 2. e5 Nd5 3. d4 d6 4. c4 Nb6 5. f4 g6 6. Nc3 Bg7 7. Be3 Be6 8. b3 0-0 9. Nf3 c5 10. dxc5 N6d7 11. cxd6 exd6 12. Qxd6 Nxe5 13. Qxd8 Nxf3+ 14. gxf3 Rxd8 15. Rc1 Nc6 16. Be2 Nd4 17. Nb5 Nf5 18. Bxa7 Rxa7 19. Nxa7 Ra8 20. Nb5 Rxa2 21. Kf2 Bf6 22. Rhe1 Bh4+ 23. Kg1 Bxe1 24. Rxe1 Rb2 25. Bd1 Rd2 26. Nc3 Rd3 27. Ne4 Nd4 28. Nc5 Nxf3+ 29. Bxf3 Rxf3 30. Nxe6 fxe6 31. Rxe6 Rxb3 32. Re7 1/2-1/2

[Event "Fagernes TV2 IM"]
[Site "Fagernes"]
[Date "2017.04.15"]
[Round "8"]
[White "Lie, Espen"]
[Black "Akesson, Ralf"]
[Result "1/2-1/2"]
[WhiteElo "2449"]
[BlackElo "2452"]
[PlyCount "119"]
[EventDate "2017.04.09"]
[EventType "tourn"]
[EventRounds "9"]
[EventCountry "NOR"]
[EventCategory "4"]
[SourceTitle "CBM 177 Extra"]
[Source "ChessBase"]
[SourceDate "2017.04.27"]
[SourceVersion "1"]
[SourceVersionDate "2017.04.27"]
[SourceQuality "1"]

1. g3 c5 2. Bg2 Nc6 3. c4 b6 4. Nc3 Bb7 5. e4 Nd4 6. Nge2 Nxe2 7. Qxe2 e6 8. d3 Ne7 9. Be3 Nf5 10. 0-0 Nxe3 11. Qxe3 Be7 12. Rad1 0-0 13. d4 cxd4 14. Qxd4 Bc6 15. e5 Bc5 16. Qf4 Rc8 17. Bxc6 Rxc6 18. Qd2 Bb4 19. Qxd7 Qxd7 20. Rxd7 Bxc3 21. bxc3 Rxc4 22. Rxa7 Rxc3 23. Rb1 Rc5 24. Rxb6 Rxe5 25. a4 Re2 26. a5 Ra2 27. a6 h5 28. h4 Kh7 29. Rc7 Ra8 30. Rxf7 R2xa6 31. Rbb7 Rg8 32. Rb5 Kh6 33. Rg5 g6 34. Rf6 Ra1+ 35. Kg2 Re1 36. f4 Kh7 37. Kf2 Re4 38. Kf3 Re1 39. Kf2 Re4 40. Kf3 Re1 41. Re5 Rxe5 42. fxe5 Re8 43. g4 Ra8 44. gxh5 gxh5 45. Rxe6 Ra4 46. Rf6 Rxh4 47. e6 Rh1 48. Ke2 Rh2+ 49. Kd3 Rh1 50. Kd4 Re1 51. Kd5 Kg7 52. Rf2 Kg6 53. Kd6 h4 54. Rf8 Rd1+ 55. Kc7 Re1 56. Kd7 Rd1+ 57. Ke8 Re1 58. e7 Kg5 59. Kf7 h3 60. Rg8+ 1/2-1/2

[Event "Fagernes TV2 IM"]
[Site "Fagernes"]
[Date "2017.04.11"]
[Round "4"]
[White "Lie, Espen"]
[Black "Getz, Nicolai"]
[Result "1-0"]
[WhiteElo "2449"]
[BlackElo "2403"]
[PlyCount "77"]
[EventDate "2017.04.09"]
[EventType "tourn"]
[EventRounds "9"]
[EventCountry "NOR"]
[EventCategory "4"]
[SourceTitle "CBM 177 Extra"]
[Source "ChessBase"]
[SourceDate "2017.04.27"]
[SourceVersion "1"]
[SourceVersionDate "2017.04.27"]
[SourceQuality "1"]

1. Nf3 Nf6 2. g3 g6 3. Bg2 Bg7 4. 0-0 0-0 5. c4 d6 6. Nc3 c5 7. a3 Nc6 8. Rb1 d5 9. cxd5 Nxd5 10. Qc2 Nxc3 11. dxc3 c4 12. e4 b5 13. Rd1 Qc7 14. Be3 a5 15. Nd4 Rb8 16. a4 Nxd4 17. cxd4 bxa4 18. Qxa4 Bd7 19. Qa3 Rb3 20. Qxe7 Re8 21. Qg5 Qb6 22. Qc5 Qxc5 23. dxc5 Bb5 24. e5 Bxe5 25. c6 a4 26. Bb6 Bxb2 27. c7 Bf6 28. Rbc1 a3 29. Ra1 Bxa1 30. Rd8 Bf6 31. Rxe8+ Bxe8 32. c8Q Rb1+ 33. Bf1 a2 34. Qxe8+ Kg7 35. Bc5 Rxf1+ 36. Kg2 Rg1+ 37. Kf3 g5 38. Bf8+ Kg6 39. Qe4+ 1-0

[Event "Fagernes TV2 IM"]
[Site "Fagernes"]
[Date "2017.04.09"]
[Round "1"]
[White "Kaasen, Tor Fredrik"]
[Black "Lie, Espen"]
[Result "1/2-1/2"]
[WhiteElo "2410"]
[BlackElo "2449"]
[PlyCount "44"]
[EventDate "2017.04.09"]
[EventType "tourn"]
[EventRounds "9"]
[EventCountry "NOR"]
[EventCategory "4"]
[SourceTitle "CBM 177 Extra"]
[Source "ChessBase"]
[SourceDate "2017.04.27"]
[SourceVersion "1"]
[SourceVersionDate "2017.04.27"]
[SourceQuality "1"]

1. e4 Nf6 2. e5 Nd5 3. d4 d6 4. Nf3 dxe5 5. Nxe5 c6 6. Be2 Nd7 7. Nf3 g6 8. 0-0 Bg7 9. c4 Nc7 10. Nc3 0-0 11. Be3 Nf6 12. h3 Nce8 13. Qc1 Nd6 14. Bh6 Bxh6 15. Qxh6 Be6 16. b3 Qa5 17. Rac1 Rad8 18. Rfd1 Qc7 19. Qf4 Nb5 20. Qxc7 Nxc7 21. Ne5 Nd7 22. Nd3 Bf5 1/2-1/2

[Event "NOR-chT 1617"]
[Site "Norway"]
[Date "2017.03.04"]
[Round "8.4"]
[White "Lie, Espen"]
[Black "Havik, Victor"]
[Result "1-0"]
[WhiteElo "2429"]
[BlackElo "2074"]
[PlyCount "69"]
[EventDate "2016.10.28"]
[EventType "team-tourn"]
[EventRounds "9"]
[EventCountry "NOR"]
[SourceTitle "EXT 2018"]
[Source "ChessBase"]
[SourceDate "2017.10.13"]
[SourceVersion "1"]
[SourceVersionDate "2017.10.13"]
[SourceQuality "1"]
[WhiteTeam "Asker"]
[BlackTeam "Stavanger"]
[WhiteTeamCountry "NOR"]
[BlackTeamCountry "NOR"]

1. e4 e5 2. Nf3 Nc6 3. Bb5 a6 4. Ba4 Nf6 5. 0-0 Be7 6. d3 b5 7. Bb3 d6 8. a4 Bd7 9. c3 0-0 10. Nbd2 Na5 11. Bc2 c5 12. Re1 Qb6 13. d4 cxd4 14. cxd4 Nc6 15. axb5 axb5 16. Rxa8 Rxa8 17. Nb3 Bg4 18. Be3 Qc7 19. d5 Nb4 20. Bb1 Ra4 21. h3 Bh5 22. Nbd2 Na6 23. Qc1 Bg6 24. b3 Qxc1 25. Rxc1 Ra1 26. Kh2 h6 27. Nh4 Kh7 28. Nxg6 Kxg6 29. f4 Nd7 30. fxe5 dxe5 31. Rc6+ f6 32. Bd3 Nb4 33. Bxb5 Nxc6 34. dxc6 Ra5 35. c7 1-0

[Event "Kragero op"]
[Site "Kragero"]
[Date "2017.02.24"]
[Round "5"]
[White "Thorfinnsson, Bjorn"]
[Black "Lie, Espen"]
[Result "0-1"]
[WhiteElo "2404"]
[BlackElo "2429"]
[PlyCount "52"]
[EventDate "2017.02.22"]
[EventType "swiss"]
[EventRounds "9"]
[EventCountry "NOR"]
[SourceTitle "CBM 177 Extra"]
[Source "ChessBase"]
[SourceDate "2017.04.27"]
[SourceVersion "1"]
[SourceVersionDate "2017.04.27"]
[SourceQuality "1"]

1. d4 Nf6 2. Bf4 g6 3. Nf3 Bg7 4. e3 0-0 5. Be2 c5 6. c3 d6 7. dxc5 dxc5 8. Na3 Nc6 9. Ne5 Nxe5 10. Bxe5 Be6 11. Qa4 Qd5 12. Bg3 Qxg2 13. 0-0-0 Qe4 14. Qxe4 Nxe4 15. Bf3 Nxg3 16. hxg3 Rab8 17. Bd5 Bg4 18. f3 Bc8 19. Nb5 a6 20. Na7 Be6 21. Bxe6 fxe6 22. Rd7 Rxf3 23. Rc7 Be5 24. Rxc5 Bd6 25. Rc4 Rff8 26. Rch4 h5 0-1

[Event "Kragero op"]
[Site "Kragero"]
[Date "2017.02.23"]
[Round "3"]
[White "Lie, Espen"]
[Black "Miezis, Normunds"]
[Result "1-0"]
[WhiteElo "2429"]
[BlackElo "2505"]
[PlyCount "197"]
[EventDate "2017.02.22"]
[EventType "swiss"]
[EventRounds "9"]
[EventCountry "NOR"]
[SourceTitle "CBM 177 Extra"]
[Source "ChessBase"]
[SourceDate "2017.04.27"]
[SourceVersion "1"]
[SourceVersionDate "2017.04.27"]
[SourceQuality "1"]

1. Nf3 c5 2. g3 Nc6 3. Bg2 e5 4. 0-0 g6 5. c4 Bg7 6. Nc3 Nge7 7. a3 d6 8. Rb1 f5 9. d3 0-0 10. Bd2 a5 11. Ne1 f4 12. Ne4 Bh6 13. b4 axb4 14. axb4 cxb4 15. Bxb4 Nxb4 16. Rxb4 Nc6 17. Rb2 Qe7 18. Nc3 Ra7 19. Qb1 Kh8 20. Nb5 Ra6 21. Ra2 Rxa2 22. Qxa2 Bg4 23. Nf3 g5 24. Qa3 Rd8 25. Re1 Be6 26. Nd2 Bf8 27. Ne4 g4 28. Rb1 Bf5 29. Nexd6 Rxd6 30. Qxd6 Qxd6 31. Nxd6 Bxd6 32. Bxc6 bxc6 33. Rb6 Bd7 34. gxf4 exf4 35. d4 Kg8 36. c5 Bf8 37. d5 Bxc5 38. Rb8+ Kf7 39. dxc6 Bxc6 40. Rc8 f3 41. e3 Bxe3 42. Rc7+ Kf8 43. Rxc6 Bd2 44. Rd6 Bc1 45. Rd1 Bb2 46. Rb1 Bf6 47. Rb4 h5 48. Rb5 Kg7 49. Rxh5 Kg6 50. Rd5 Bh4 51. Kf1 Kh6 52. Rf5 Kg6 53. Rf8 Bf6 54. Rg8+ Kf5 55. Kg1 Be5 56. Rf8+ Ke4 57. Re8 Kf5 58. Rg8 Bd6 59. Rh8 Be5 60. Rh5+ Ke4 61. Kf1 Bb8 62. Rh4 Kf5 63. h3 gxh3 64. Rxh3 Kg4 65. Rh7 Be5 66. Rd7 Kf4 67. Ke1 Ke4 68. Rh7 Bc3+ 69. Kd1 Bd4 70. Rh2 Kd3 71. Ke1 Ke4 72. Kd2 Bb6 73. Rh4+ Kf5 74. Ke1 Ba5+ 75. Kf1 Bc7 76. Ra4 Bb6 77. Rc4 Ke5 78. Kg1 Bd4 79. Rc2 Kf5 80. Kh2 Be5+ 81. Kh3 Kf4 82. Rc8 Bd6 83. Ra8 Kf5 84. Ra7 Ke4 85. Kg4 Bc5 86. Ra4+ Bd4 87. Rxd4+ Kxd4 88. Kxf3 Kd5 89. Kf4 Ke6 90. Kg5 Kf7 91. Kf5 Kg7 92. Ke6 Kf8 93. Kf6 Kg8 94. Ke7 Kg7 95. f4 Kg6 96. Ke6 Kg7 97. f5 Kf8 98. Kf6 Kg8 99. Ke7 1-0

[Event "NOR-chT 1516"]
[Site "Norway"]
[Date "2016.01.17"]
[Round "6.5"]
[White "Strand, Haakon"]
[Black "Lie, Espen"]
[Result "0-1"]
[WhiteElo "2170"]
[BlackElo "2434"]
[PlyCount "104"]
[EventDate "2015.10.30"]
[EventType "team-tourn"]
[EventRounds "9"]
[EventCountry "NOR"]
[SourceTitle "CBM 170 Extra"]
[Source "ChessBase"]
[SourceDate "2016.02.25"]
[SourceVersion "1"]
[SourceVersionDate "2016.02.25"]
[SourceQuality "1"]
[WhiteTeam "Stavanger"]
[BlackTeam "Asker"]
[WhiteTeamCountry "NOR"]
[BlackTeamCountry "NOR"]

1. e4 e5 2. Nf3 Nc6 3. Bb5 a6 4. Ba4 Nf6 5. 0-0 Be7 6. Re1 b5 7. Bb3 d6 8. c3 0-0 9. h3 Na5 10. Bc2 c5 11. d4 Qc7 12. Nbd2 Bd7 13. Nf1 Nc4 14. b3 Nb6 15. Ne3 c4 16. Ba3 Rfe8 17. Qd2 Bf8 18. Rad1 cxb3 19. axb3 a5 20. Bb1 Rac8 21. Rc1 Be6 22. c4 bxc4 23. bxc4 Na4 24. c5 exd4 25. Nd5 Bxd5 26. cxd6 Qd7 27. exd5 Rc3 28. Rxe8 Qxe8 29. d7 Qxd7 30. Bxf8 Kxf8 31. Nxd4 Rxc1+ 32. Qxc1 Qxd5 33. Qa3+ Nc5 34. Nb5 Qc4 35. Nd6 Qb4 36. Qc1 Qd4 37. Nf5 Qe5 38. Qd2 Ne6 39. g3 g6 40. Qh6+ Ke8 41. Ng7+ Nxg7 42. Qxg7 Ke7 43. Bd3 Ng4 44. Qxe5+ Nxe5 45. Bb5 Kd6 46. f4 Kc5 47. Ba4 Kb4 48. Bc2 Nf3+ 49. Kf2 Nd4 50. Bb1 a4 51. g4 Kc3 52. Ba2 Nb3 0-1

[Event "NOR-chT 1415"]
[Site "Norway"]
[Date "2015.02.08"]
[Round "8.5"]
[White "Hagen, Anders Gjerdrum"]
[Black "Lie, Espen"]
[Result "1/2-1/2"]
[WhiteElo "2243"]
[BlackElo "2420"]
[PlyCount "93"]
[EventDate "2014.10.31"]
[EventType "team-tourn"]
[EventRounds "11"]
[EventCountry "NOR"]
[SourceTitle "EXT 2016"]
[Source "ChessBase"]
[SourceDate "2015.10.08"]
[SourceVersion "1"]
[SourceVersionDate "2015.10.08"]
[SourceQuality "1"]
[WhiteTeam "Oslo SK 1911"]
[BlackTeam "Asker"]
[WhiteTeamCountry "NOR"]
[BlackTeamCountry "NOR"]

1. d4 Nf6 2. c4 g6 3. Nc3 Bg7 4. e4 d6 5. Nf3 0-0 6. Be2 Na6 7. Bg5 h6 8. Bh4 g5 9. Bg3 Nh5 10. 0-0 e6 11. Rc1 f5 12. Ne1 g4 13. f4 Nxg3 14. hxg3 c5 15. dxc5 dxc5 16. e5 Qb6 17. Rc2 Rd8 18. Rd2 Rxd2 19. Qxd2 Bf8 20. Nc2 Be7 21. Rd1 Nb4 22. Kf1 Nc6 23. b3 a6 24. Nd5 Qd8 25. Qe3 b6 26. Nxe7+ Qxe7 27. Rd6 Bd7 28. b4 Rc8 29. bxc5 bxc5 30. Qxc5 h5 31. Nd4 h4 32. gxh4 Nxd4 33. Qxd4 Bc6 34. g3 Kf7 35. c5 Qb7 36. Kf2 Bb5 37. Rb6 Qc7 38. Bxb5 axb5 39. c6 Kg6 40. Qc5 Qa7 41. a3 Qa5 42. Qxb5 Qxa3 43. Qb3 Qc5+ 44. Qe3 Qc2+ 45. Qe2 Qc5+ 46. Qe3 Qc2+ 47. Qe2 1/2-1/2